| 000 | 00586nam a2200205 a 4500 | ||
|---|---|---|---|
| 005 | 20140310183413.0 | ||
| 008 | 070918s19uu xx 00 eng d | ||
| 020 | _a9780071264488 | ||
| 050 |
_aHD 31 _b.B369485 2007 |
||
| 100 | _aBateman, Thomas S. | ||
| 245 |
_aManagement : _bleading & collaborating in a competitive world / _cThomas S. Bateman. |
||
| 250 | _a7th ed. | ||
| 260 |
_aU.S.A : _bMcGraw-Hill/Irwin, _c2007. |
||
| 300 |
_a624 p. : _bill. ; _c26 cm. |
||
| 521 | _aBSBA | ||
| 650 | _aManagement. | ||
| 700 | _aSnell, Scott A. | ||
| 942 |
_cBK _2lcc _kFOR |
||
| 999 |
_c22531 _d22531 |
||